[Event "24th Bosnjaci Open 2019"]
[Site "Bosnjaci"]
[Date "2019.01.03"]
[Round "1.3"]
[White "Pleh, Semir"]
[Black "Fercec, Nenad"]
[Result "0-1"]
[WhiteElo "1767"]
[BlackElo "2451"]
[Annotator "TA"]
[PlyCount "96"]
[EventDate "2019.01.03"]
[EventType "swiss"]
[EventCountry "CRO"]
[SourceTitle "playchess.com"]
[Source "ChessBase"]
[SourceQuality "1"]

{[%evp 9,96,-45,-41,-66,-35,-15,12,14,0,-3,-10,-10,36,8,19,7,25,18,18,8,8,0,0,-5,0,0,0,0,0,0,11,0,2,-12,0,0,0,0,0,0,0,0,13,0,8,0,6,0,0,0,0,0,0,0,0,0,0,0,0,0,14,0,8,0,0,0,0,0,0,-73,0,-71,-67,-51,-59,-22,-16,-15,-15,-49,-56,-135,-108,-222,-39,-29984,-29985,-29998,-29999]} 1. c4 e5 2. g3 Nf6 3. Bg2 d5 4. d4 (4. cxd5 Nxd5 5. Nc3 Nb6 6. Nf3 Nc6 7. O-O Be7 8. a3 Be6 9. b4 Nd4 10. Rb1 Nxf3+ 11. Bxf3 c6 12. d3 O-O 13. Bb2 f5 14. Na4 Nd7 15. Qc2 Qc7 16. Nc5 Nxc5 17. bxc5 {½-½ (40) Ding,L (2797)-Topalov,V (2747) Wenzhou 2018}) 4... exd4 5. Qxd4 Nc6 6. Qd1 {[%cal Rc4d5] A20: English Opening: 1...e5} Bb4+ 7. Bd2 Bc5 $146 ({Predecessor:} 7... Bf5 8. Bxb4 Nxb4 9. Qa4+ Nc6 10. cxd5 Nxd5 11. e4 Qe7 {0-1 (51) Ducke,J (1289)-Hartmann,J (1757) Berlin 2014}) 8. cxd5 {The position is equal.} Nxd5 9. Nf3 O-O 10. O-O Be7 11. a3 Bf6 12. Qc2 Bg4 13. Nc3 Bxf3 14. Bxf3 Nd4 15. Qe4 c6 16. Nxd5 cxd5 17. Qd3 Nxf3+ 18. Qxf3 Qb6 19. Rab1 Rfe8 20. Rfd1 d4 21. Qd3 Qe6 22. e3 Rad8 23. exd4 Rxd4 24. Qf3 Re4 25. Be3 b6 26. Rd3 Qh3 27. b4 h5 28. Rbd1 Bg5 29. Rd7 f5 {And now ...f4! would win.} 30. Qg2 Qxg2+ 31. Kxg2 Bxe3 32. fxe3 R8e7 33. Rxe7 Rxe7 $11 {[%mdl 4096] Endgame KR-KR} 34. Kf3 Kf7 35. h4 Ke6 36. Kf4 Rc7 37. Rd3 Rc4+ 38. Kf3 Rc2 39. Kf4 {[#]} (39. Rd4 $11) 39... Rf2+ $1 $17 40. Kg5 Rf3 41. Kxh5 Rxg3 42. Rd8 $1 Ke5 43. Re8+ Kf6 44. a4 Rg4 {( -> ...g6+)} 45. Rf8+ Ke6 46. Ra8 {[#]} (46. a5 $17 {was called for.}) 46... Rxb4 $2 (46... Kf7 $1 $19 {Threatens to win with ...g6+.} 47. a5 g6+ 48. Kh6 Rxh4+ 49. Kg5 Rg4+ 50. Kh6 Rxb4) 47. Rxa7 $2 {[%mdl 8192]} (47. a5 $15) 47... Kf6 48. Ra8 g6+ {Accuracy: White = 44%, Black = 59%.} 0-1

[Event "24th Bosnjaci Open 2019"]
[Site "Bosnjaci"]
[Date "2019.01.03"]
[Round "1.6"]
[White "Ivekovic, Bozidar"]
[Black "Kovac, Petar"]
[Result "1-0"]
[WhiteElo "2398"]
[BlackElo "1747"]
[Annotator "TA"]
[PlyCount "135"]
[EventDate "2019.01.03"]
[EventType "swiss"]
[EventCountry "CRO"]
[SourceTitle "playchess.com"]
[Source "ChessBase"]
[SourceQuality "1"]

{[%evp 11,135,-9,8,-4,0,0,6,0,0,5,21,19,17,3,10,16,14,0,5,0,15,0,18,0,0,-9,-10,-11,20,1,10,-49,-43,-75,-65,-81,-72,-59,-29,-38,-8,-31,-4,-8,0,-14,0,-13,-14,-9,0,-34,-27,-28,-22,-49,-12,-18,-9,-28,-22,-39,0,0,0,0,0,0,0,0,0,0,0,0,0,0,0,0,0,0,0,4,6,5,5,5,240,12,14,12,44,1,12,6,12,2,12,0,4,0,12,6,18,0,0,0,0,0,0,0,66,66,66,68,108,20,178,135,1042,1006,951,897,29991,29992,29996,29997]} 1. b3 e5 2. Bb2 Nc6 3. e3 g6 4. d4 exd4 5. exd4 (5. Nf3 Bg7 6. Nxd4 Nf6 7. Be2 O-O 8. O-O Nxd4 9. Bxd4 d5 10. c4 dxc4 11. Bxc4 Qd6 12. Bb2 {1-0 (45) Nakamura,H (2787)-Andreikin,D (2712) Moscow 2018}) 5... Bg7 6. Nf3 {A01: Nimzowitsch-Larsen Opening} Nge7 {LiveBook: 5 Games} 7. g3 O-O 8. Bg2 {The position is equal.} Re8 $146 ({Predecessor:} 8... d5 9. O-O Bf5 10. Qd2 a5 11. Nc3 Qd7 12. Rfe1 Bh3 {1-0 (50) Haessler,C (2252)-Visweswaran,K (2299) Boston 2001}) 9. O-O d5 10. Re1 h6 11. Nbd2 {[%cal Bb1d2,Bd2f1,Bf1e3][%mdl 32]} Be6 12. Nf1 Nf5 13. Qd2 Qd7 14. Rad1 Rad8 15. Ne3 a6 16. Re2 b5 {[%cal Bb7b5,Bb5b4][%mdl 32]} 17. Nxf5 Bxf5 18. Ne5 (18. c3 {is interesting.} Be4 19. Rde1 a5 20. a4 b4 21. cxb4 axb4 22. h4) 18... Nxe5 19. dxe5 Be6 20. Bd4 Bf8 21. Qc3 ({Better is} 21. Be3 $11) 21... b4 $15 22. Qa1 Qb5 23. Rde1 c5 24. Bb2 c4 25. Bd4 $1 Rc8 26. h3 cxb3 27. cxb3 h5 28. Bf1 Qd7 29. Kh2 a5 30. Qd1 a4 31. bxa4 Ra8 32. Rb2 Rxa4 33. Qd2 Rea8 34. Rc1 Rc8 35. Rxc8 Qxc8 36. h4 Qa8 37. Be2 {[%cal Bf1e2,Be2d1,Bd1b3][%mdl 32]} Qe8 38. Bd1 Ra8 39. Bb3 Rc8 40. Kg2 Qb5 41. Qe2 Qd7 42. Qe3 Qb5 43. Rb1 Kh7 44. Rd1 Kg8 45. Qd3 Qb8 46. Qa6 Qc7 47. Qb6 Qd7 48. Be3 Rd8 $2 {[#]} (48... Bg7 $11) 49. Qd4 $2 (49. Ba4 $1 $18 {[%cal Ra4d7][%mdl 512]} Qc8 (49... Qxa4 50. Qxd8) 50. Bg5 {[%mdl 64] Trapped Piece}) 49... Qb5 50. Rc1 Qe2 51. Qd1 Qb5 52. Bg5 Rb8 53. Qd4 Rb7 54. Kh2 Kh7 55. Be3 Kg8 56. Qd2 Kh7 57. Rd1 Rd7 58. Qd3 Qb7 59. Qd4 Qb5 60. Rc1 Kg8 ({Black should try} 60... Bg7 $11) 61. Rc8 $1 $14 Rb7 ({Wrong is} 61... Qf1 $2 62. Qxb4 Rd6 63. Ra8 $18) 62. Rd8 Rd7 63. Ra8 (63. a4 $16 Qc6 64. Rxd7 Qxd7 65. a5) 63... Rc7 $2 (63... Qc6 $1 $11 {and Black stays safe.} 64. Rb8 Rb7) 64. Bh6 $1 $40 {[%mdl 128] White has strong attack.} Bc8 $2 {[%mdl 8192]} (64... Rc8 $16 65. Rxc8 Bxc8) 65. Bxf8 Kxf8 66. e6 {aiming for Qf6.} Qf1 67. Qf6 Qb5 {[#]} 68. Rxc8+ $1 {[%mdl 576] Double Attack. Accuracy: White = 40%, Black = 39%.} 1-0

[Event "24th Bosnjaci Open 2019"]
[Site "Bosnjaci"]
[Date "2019.01.03"]
[Round "1.7"]
[White "Damjanovic, Stjepan"]
[Black "Zufic, Miroslav"]
[Result "0-1"]
[WhiteElo "1741"]
[BlackElo "2389"]
[Annotator "TA"]
[PlyCount "96"]
[EventDate "2019.01.03"]
[EventType "swiss"]
[EventCountry "CRO"]
[SourceTitle "playchess.com"]
[Source "ChessBase"]
[SourceQuality "1"]

{[%evp 11,96,-8,0,-25,-25,-20,0,1,24,-20,13,-3,7,-51,11,1,1,-34,-29,-24,0,-5,-10,-21,0,0,-12,-6,0,-115,-125,-115,-110,-141,-139,-141,-143,-151,-116,-124,-122,-174,-122,-123,-111,-137,-137,-131,-137,-200,-195,-210,-210,-218,-218,-217,-204,-198,-176,-183,-176,-176,-176,-206,-205,-270,-265,-585,-571,-669,-619,-709,-695,-718,-705,-1258,-1215,-5402,-2107,-2107,-1356,-1256,-1395,-29992,-29993,-29993,-646]} 1. e4 c5 2. Nc3 Nc6 3. f4 g6 4. Nf3 Bg7 5. Bb5 Nd4 6. Bd3 d6 {LiveBook: 82 Games} 7. O-O {B23: Closed Sicilian: Lines without g3} (7. Nxd4 cxd4 8. Ne2 Nf6 9. O-O O-O 10. c3 dxc3 11. Nxc3 d5 12. e5 Ne4 13. Qe2 Nc5 14. b3 f6 15. Bc2 fxe5 16. fxe5 Rxf1+ 17. Kxf1 {0-1 (50) Paehtz,E (2485)-Hou,Y (2673) Beijing 2014}) 7... Bg4 8. Be2 Nxe2+ 9. Qxe2 {The position is equal.} a6 10. b3 Nf6 $146 ({Predecessor:} 10... Bd4+ 11. Kh1 Nf6 12. Qd3 Bxf3 13. Qxf3 Qd7 14. Ba3 O-O 15. Rae1 {½-½ (44) Larsson,M (2395)-Podvoysky,E ICCF email 2007}) 11. Bb2 O-O 12. Rae1 (12. h3 $11 Bxf3 13. Qxf3) 12... Rc8 (12... Nh5 $15) 13. h3 $11 Bd7 14. Kh2 Bc6 15. d3 Qa5 16. Qd2 Rfe8 17. a4 Nd7 18. Nd1 Qxd2 19. Nxd2 Bh6 20. Nf3 (20. a5 $11 {keeps the balance.}) 20... Bxf4+ $17 21. g3 {[#]} Bh6 $1 22. Nf2 {[%cal Bd1f2,Bf2g4,Bg4e3][%mdl 32]} b5 23. axb5 axb5 24. Ng4 Bg7 25. Bxg7 Kxg7 26. Rf2 (26. Ne3 $17) 26... h5 (26... e6 $19 27. e5 Bxf3 28. Rxf3 h5) 27. Ne3 Ra8 28. Ref1 f6 29. g4 hxg4 30. Nxg4 (30. hxg4 $17 {was necessary.} e6 31. b4) 30... Ne5 $19 31. Ngxe5 dxe5 ({Not} 31... fxe5 32. Ng5 $11) 32. Rg2 Rh8 33. Rfg1 Rh6 34. Kg3 Kf7 35. h4 Ra2 36. Rf2 Ke6 37. Nh2 Rh8 38. Ng4 f5 39. exf5+ $2 (39. Nh2 {nothing else works.}) 39... gxf5 40. Re2 fxg4 41. Rge1 Rh5 42. Kxg4 Rf5 43. Rd2 Ra8 44. d4 Rg8+ 45. Kh3 Rf3+ 46. Kh2 cxd4 {[%mdl 64] [#] ( -> ...Rf4). Overworked Piece} 47. Rxd4 Rf2+ {[%mdl 64] Double Attack} 48. Kh3 Bg2+ {Accuracy: White = 37%, Black = 46%.} 0-1

[Event "24th Bosnjaci Open 2019"]
[Site "Bosnjaci"]
[Date "2019.01.04"]
[Round "2.1"]
[White "Kovacevic, Blazimir"]
[Black "Ivekovic, Tihana"]
[Result "1-0"]
[WhiteElo "2488"]
[BlackElo "2071"]
[Annotator "ChessBase"]
[PlyCount "145"]
[EventDate "2019.01.03"]
[EventType "swiss"]
[EventCountry "CRO"]
[SourceTitle "playchess.com"]
[Source "ChessBase"]
[SourceQuality "1"]
[TimeControl "5400+30"]

1. Nf3 {[%emt 0:00:30]} d5 {[%emt 0:00:30]} 2. g3 {[%emt 0:00:00]} Nf6 {[%emt 0:00:00]} 3. Bg2 {[%emt 0:00:00]} e6 {[%emt 0:00:00]} 4. O-O {[%emt 0:00:30]} Be7 {[%emt 0:00:30]} 5. d3 {[%emt 0:01:30]} O-O {[%emt 0:00:30]} 6. Nbd2 {[%emt 0:00:30]} Nbd7 {[%emt 0:02:30]} 7. e4 {[%emt 0:00:30]} dxe4 {[%emt 0:01:30]} 8. dxe4 {[%emt 0:00:30]} e5 {[%emt 0:04:30]} 9. Qe2 {[%emt 0:04:30]} c6 {[%emt 0:01:30]} 10. Nc4 {[%emt 0:03:30]} Qc7 {[%emt 0:00:00]} 11. a4 {[%emt 0:00:30]} Re8 {[%emt 0:09:00]} 12. b3 {[%emt 0:09:30]} Bf8 {[%emt 0:02:30]} 13. Bb2 {[%emt 0:00:30]} b6 {[%emt 0:01:30]} 14. Rfd1 {[%emt 0:06:30]} Ba6 {[%emt 0:01:30]} 15. Nh4 {[%emt 0:04:30]} Nc5 {[%emt 0:09:30]} 16. f3 {[%emt 0:02:30]} Nfd7 {[%emt 0:04:30]} 17. Bf1 {[%emt 0:01:30]} Bxc4 {[%emt 0:07:30]} 18. Qxc4 {[%emt 0:00:30]} Ne6 {[%emt 0:01:30]} 19. Kh1 {[%emt 0:15:30]} Rad8 {[%emt 0:03:30]} 20. b4 {[%emt 0:01:30]} g6 {[%emt 0:04:30]} 21. c3 {[%emt 0:02:30]} Bg7 {[%emt 0:05:30]} 22. Bc1 {[%emt 0:04:30]} Ndf8 {[%emt 0:03:30]} 23. Be3 {[%emt 0:00:30]} Rxd1 {[%emt 0:00:30]} 24. Rxd1 {[%emt 0:00:30]} Re7 {[%emt 0:02:30]} 25. Qb3 {[%emt 0:02:30]} Rd7 {[%emt 0:01:30]} 26. Ra1 {[%emt 0:06:30]} Bf6 {[%emt 0:02:30]} 27. Ng2 {[%emt 0:00:00]} Bg5 {[%emt 0:00:00]} 28. Bg1 {[%emt 0:05:00]} Bd2 {[%emt 0:04:00]} 29. Ne3 {[%emt 0:02:30]} Ng5 {[%emt 0:00:00]} 30. Kg2 {[%emt 0:00:30]} Qd6 {[%emt 0:02:00]} 31. Rd1 {[%emt 0:16:04]} Qe6 {[%emt 0:10:21]} 32. Qxe6 {[%emt 0:00:04]} Ngxe6 {[%emt 0:00:03]} 33. b5 {[%emt 0:03:49]} Bxe3 {[%emt 0:00:05]} 34. Rxd7 {[%emt 0:00:06]} Nxd7 {[%emt 0:00:04]} 35. Bxe3 {[%emt 0:01:10]} cxb5 {[%emt 0:00:08]} 36. axb5 {[%emt 0:01:01]} Nec5 {[%emt 0:00:10]} 37. Kf2 {[%emt 0:01:26]} Kf8 {[%emt 0:00:38]} 38. Ke1 {[%emt 0:00:50]} Ke7 {[%emt 0:00:56]} 39. Kd2 {[%emt 0:00:17]} Kd6 {[%emt 0:02:34]} 40. Bc4 {[%emt 0:00:16]} Ne6 {[%emt 0:00:13]} 41. h4 {[%emt 0:00:23]} f5 {[%emt 0:03:53]} 42. exf5 {[%emt 0:01:31]} gxf5 {[%emt 0:00:04]} 43. g4 {[%emt 0:01:36]} f4 {[%emt 0:02:02]} 44. Bg1 {[%emt 0:01:07]} h6 {[%emt 0:00:09]} 45. Bd3 {[%emt 0:01:16]} Nf6 {[%emt 0:03:13]} 46. Bf5 {[%emt 0:00:25]} Ng7 {[%emt 0:00:11]} 47. Bg6 {[%emt 0:00:34]} Ne6 {[%emt 0:00:11]} 48. Kd3 {[%emt 0:00:38]} Kd5 {[%emt 0:01:03]} 49. Bf7 {[%emt 0:00:48]} Kd6 {[%emt 0:00:04]} 50. Bg6 {[%emt 0:00:34]} Kd5 {[%emt 0:00:04]} 51. c4+ {[%emt 0:00:37]} Kd6 {[%emt 0:00:08]} 52. Kc3 {[%emt 0:00:36]} Nd7 {[%emt 0:03:37]} 53. Bf5 {[%emt 0:00:25]} Ndc5 {[%emt 0:01:15]} 54. Bf2 {[%emt 0:00:32]} Ng7 {[%emt 0:00:56]} 55. Bg6 {[%emt 0:00:30]} Nge6 {[%emt 0:00:10]} 56. Bc2 {[%emt 0:00:25]} Nd7 {[%emt 0:00:29]} 57. Bh7 {[%emt 0:00:48]} Nf6 {[%emt 0:00:23]} 58. Bf5 {[%emt 0:00:13]} Ng7 {[%emt 0:01:24]} 59. Bc2 {[%emt 0:00:28]} Ne6 {[%emt 0:00:04]} 60. Bg6 {[%emt 0:00:20]} Nd7 {[%emt 0:01:51]} 61. Bf5 {[%emt 0:00:32]} Ndc5 {[%emt 0:01:23]} 62. Bg1 {[%emt 0:01:04]} Ng7 {[%emt 0:00:29]} 63. Bg6 {[%emt 0:00:26]} Nge6 {[%emt 0:00:04]} 64. Bc2 {[%emt 0:00:29]} Nd7 {[%emt 0:00:13]} 65. Bf2 {[%emt 0:00:26]} Nf6 {[%emt 0:00:22]} 66. Bf5 {[%emt 0:00:35]} Ng7 {[%emt 0:00:41]} 67. Bg6 {[%emt 0:00:00]} Ne6 {[%emt 0:00:04]} 68. Kd3 {[%emt 0:00:03]} Nd7 {[%emt 0:03:26]} 69. Ke4 {[%emt 0:00:39]} Ng7 {[%emt 0:00:03]} 70. g5 {[%emt 0:00:50]} hxg5 {[%emt 0:00:07]} 71. hxg5 {[%emt 0:00:03]} Ke6 {[%emt 0:00:36]} 72. Bh7 {[%emt 0:01:24]} Kf7 {[%emt 0:02:20]} 73. Bf5 {[%emt 0:00:29]} 1-0

[Event "24th Bosnjaci Open 2019"]
[Site "Bosnjaci"]
[Date "2019.01.04"]
[Round "2.2"]
[White "Lesic, Krunoslav"]
[Black "Zaja, Ivan"]
[Result "0-1"]
[WhiteElo "2067"]
[BlackElo "2458"]
[Annotator "ChessBase"]
[PlyCount "66"]
[EventDate "2019.01.03"]
[EventType "swiss"]
[EventCountry "CRO"]
[SourceTitle "playchess.com"]
[Source "ChessBase"]
[SourceQuality "1"]
[TimeControl "5400+30"]

1. e4 {[%emt 0:08:30]} c5 {[%emt 0:00:30]} 2. Nf3 {[%emt 0:00:00]} d6 {[%emt 0:00:30]} 3. c3 {[%emt 0:00:00]} Nf6 {[%emt 0:00:30]} 4. Be2 {[%emt 0:00:30]} Bd7 {[%emt 0:04:30]} 5. d3 {[%emt 0:00:00]} Nc6 {[%emt 0:00:30]} 6. O-O {[%emt 0:00:00]} g6 {[%emt 0:00:30]} 7. h3 {[%emt 0:00:30]} Bg7 {[%emt 0:00:30]} 8. Nh2 {[%emt 0:00:30]} d5 {[%emt 0:03:30]} 9. Qc2 {[%emt 0:04:30]} O-O {[%emt 0:05:30]} 10. f4 {[%emt 0:00:30]} c4 {[%emt 0:01:30]} 11. e5 {[%emt 0:09:30]} cxd3 {[%emt 0:00:00]} 12. Bxd3 {[%emt 0:00:30]} Qb6+ {[%emt 0:06:00]} 13. Qf2 {[%emt 0:04:30]} Qxf2+ {[%emt 0:06:30]} 14. Kxf2 {[%emt 0:02:30]} Ne8 {[%emt 0:02:30]} 15. Re1 {[%emt 0:03:30]} Nc7 {[%emt 0:00:30]} 16. Kg1 {[%emt 0:00:30]} Ne6 {[%emt 0:03:30]} 17. Bc2 {[%emt 0:05:30]} Rac8 {[%emt 0:05:30]} 18. Bb3 {[%emt 0:01:30]} d4 {[%emt 0:00:30]} 19. Nf3 {[%emt 0:02:30]} Rfd8 {[%emt 0:02:30]} 20. Rd1 {[%emt 0:01:30]} Bh6 {[%emt 0:07:30]} 21. g3 {[%emt 0:27:30]} Nc5 {[%emt 0:03:30]} 22. e6 {[%emt 0:06:44]} Nxe6 {[%emt 0:04:30]} 23. cxd4 {[%emt 0:01:07]} Ncxd4 {[%emt 0:01:30]} 24. Nxd4 {[%emt 0:01:13]} Nxd4 {[%emt 0:00:30]} 25. Be3 {[%emt 0:01:06]} Nxb3 {[%emt 0:02:30]} 26. axb3 {[%emt 0:00:02]} Bxh3 {[%emt 0:01:30]} 27. Nc3 {[%emt 0:01:14]} a6 {[%emt 0:03:30]} 28. Kf2 {[%emt 0:00:07]} Be6 {[%emt 0:00:30]} 29. Bb6 {[%emt 0:00:16]} Rxd1 {[%emt 0:00:30]} 30. Rxd1 {[%emt 0:00:01]} Bg7 {[%emt 0:02:30]} 31. b4 {[%emt 0:00:35]} Bf6 {[%emt 0:01:30]} 32. Kf3 {[%emt 0:00:44]} h5 {[%emt 0:00:30]} 33. Ne4 {[%emt 0:00:14]} Bg4+ {[%emt 0:00:30]} 0-1

[Event "24th Bosnjaci Open 2019"]
[Site "Bosnjaci"]
[Date "2019.01.04"]
[Round "2.3"]
[White "Fercec, Nenad"]
[Black "Samblic, Silvano"]
[Result "1-0"]
[WhiteElo "2451"]
[BlackElo "2047"]
[Annotator "TA"]
[PlyCount "61"]
[EventDate "2019.01.03"]
[EventType "swiss"]
[EventCountry "CRO"]
[SourceTitle "playchess.com"]
[Source "ChessBase"]
[SourceQuality "1"]

{[%evp 15,61,54,75,56,94,105,226,231,225,226,230,225,252,253,301,296,387,236,239,239,264,256,263,245,257,263,256,222,298,282,282,257,282,282,282,282,282,282,441,436,701,668,987,985,833,766,29976,29977]} 1. e4 c6 2. d4 d5 3. e5 Bf5 4. Nf3 e6 5. Be2 c5 6. O-O Nc6 7. Be3 Qc7 {B12: Caro-Kann: Advance Variation} (7... cxd4 8. Nxd4 Nxd4 9. Qxd4 Ne7 10. Bb5+ Nc6 11. Qa4 Qc8 12. Nd2 a6 13. Bd3 Bxd3 14. cxd3 Qd7 15. Rac1 Nxe5 16. Qd4 {1-0 (55) Nepomniachtchi,I (2757)-Ivanchuk,V (2710) Jerusalem 2018}) 8. dxc5 Nge7 {LiveBook: 4 Games} 9. c4 dxc4 {White is slightly better.} 10. Na3 {[%cal Bb1a3,Ba3c4,Bc4d6][%mdl 32]} a6 $146 (10... Nd5 $16) ({Predecessor:} 10... Nd5 11. Nxc4 Nxe3 12. Nxe3 Bxc5 13. Nxf5 exf5 14. Qc2 Ne7 15. Bb5+ {1-0 (23) Kozirev,A (2336)-Protasov,A (1912) Cheliabinsk 2011}) 11. Nxc4 $18 {[#] Strongly threatening Nd6+.} Nd5 12. Nd6+ Bxd6 13. exd6 Qd8 14. Nd4 Nxe3 15. fxe3 Be4 16. Bf3 Bxf3 17. Qxf3 {[%csl Gf1][%cal Rf3f7] [#]} Qd7 18. Nxc6 bxc6 19. e4 O-O 20. e5 Rab8 21. Qc3 a5 22. Rf4 Qa7 23. Rc1 Rb5 24. b3 Rfb8 25. h4 {[%cal Bh2h4,Bh4h5][%mdl 32]} h6 26. h5 Qd7 (26... Rb4 $142) 27. Rcf1 Qa7 (27... Rf8 $142 28. a4 Rbb8 29. Qxa5 Rxb3) 28. Rxf7 Qxc5+ 29. Qxc5 Rxc5 30. Re7 {Intending d7 and mate.} Rxe5 31. d7 {Precision: White = 88%, Black = 28%.} 1-0

[Event "24th Bosnjaci Open 2019"]
[Site "Bosnjaci"]
[Date "2019.01.04"]
[Round "2.4"]
[White "Katic, Zeljko"]
[Black "Sale, Srdjan"]
[Result "0-1"]
[WhiteElo "2035"]
[BlackElo "2446"]
[Annotator "NA"]
[PlyCount "74"]
[EventDate "2019.01.03"]
[EventType "swiss"]
[EventCountry "CRO"]
[SourceTitle "playchess.com"]
[Source "ChessBase"]
[SourceQuality "1"]
[TimeControl "5400+30"]

1. Nf3 {[%emt 0:02:30]} c5 {[%emt 0:00:30]} 2. b3 {[%emt 0:05:30]} d5 {[%emt 0:00:30]} 3. Bb2 {[%emt 0:00:30]} f6 {[%emt 0:00:00]} 4. d4 {[%emt 0:06:30]} cxd4 {[%emt 0:01:00]} 5. Qxd4 {[%emt 0:00:30]} Nc6 {[%emt 0:00:00]} 6. Qh4 {[%emt 0:10:30]} e5 {[%emt 0:05:00]} 7. e4 {[%emt 0:10:30]} Qa5+ {[%emt 0:08:30]} 8. Nbd2 {[%emt 0:07:30]} Nb4 {[%emt 0:00:30]} 9. Bd3 {[%emt 0:00:30]} Nxd3+ {[%emt 0:01:30]} 10. cxd3 {[%emt 0:05:30]} Bb4 {[%emt 0:02:30]} 11. exd5 {[%emt 0:02:30]} Ne7 {[%emt 0:02:30]} 12. a3 {[%emt 0:06:30]} Bxd2+ {[%emt 0:01:30]} 13. Nxd2 {[%emt 0:00:30]} Qxd5 {[%emt 0:07:30]} 14. O-O {[%emt 0:02:30]} Qxd3 {[%emt 0:02:30]} 15. Rad1 {[%emt 0:01:30]} O-O {[%emt 0:04:30]} 16. Ne4 {[%emt 0:14:30]} Qxb3 {[%emt 0:00:30]} 17. Bc1 {[%emt 0:04:57]} Nf5 {[%emt 0:06:30]} 18. Qh5 {[%emt 0:00:34]} Qf7 {[%emt 0:12:30]} 19. Qe2 {[%emt 0:00:48]} Be6 {[%emt 0:01:30]} 20. Qb2 {[%emt 0:00:43]} Bd5 {[%emt 0:04:30]} 21. Nc3 {[%emt 0:00:42]} Bc6 {[%emt 0:01:30]} 22. Rd3 {[%emt 0:02:30]} Rfd8 {[%emt 0:01:30]} 23. Rh3 {[%emt 0:00:10]} Qg6 {[%emt 0:02:30]} 24. f3 {[%emt 0:00:45]} Rd3 {[%emt 0:01:30]} 25. Ne2 {[%emt 0:03:11]} Rad8 {[%emt 0:01:30]} 26. Qc2 {[%emt 0:00:53]} a6 {[%emt 0:09:30]} 27. a4 {[%emt 0:00:07]} Qf7 {[%emt 0:01:31]} 28. Ng3 {[%emt 0:03:45]} Ne7 {[%emt 0:00:36]} 29. Nh5 {[%emt 0:00:37]} Ng6 {[%emt 0:03:22]} 30. Rg3 {[%emt 0:00:17]} Qb3 {[%emt 0:00:43]} 31. Qxb3+ {[%emt 0:02:07]} Rxb3 {[%emt 0:00:05]} 32. h4 {[%emt 0:00:22]} Bxa4 {[%emt 0:02:40]} 33. Nxf6+ {[%emt 0:01:30]} gxf6 {[%emt 0:00:04]} 34. h5 {[%emt 0:00:01]} Be8 {[%emt 0:00:58]} 35. hxg6 {[%emt 0:00:03]} hxg6 {[%emt 0:00:25]} 36. Rg4 {[%emt 0:00:12]} g5 {[%emt 0:03:00]} 37. Re1 {[%emt 0:00:36]} Kf7 {[%emt 0:00:52]} 0-1

[Event "24th Bosnjaci Open 2019"]
[Site "Bosnjaci"]
[Date "2019.01.04"]
[Round "2.5"]
[White "Rogulj, Branko"]
[Black "Jergovic, Andrija"]
[Result "1-0"]
[WhiteElo "2413"]
[BlackElo "2012"]
[Annotator "NA"]
[PlyCount "119"]
[EventDate "2019.01.03"]
[EventType "swiss"]
[EventCountry "CRO"]
[SourceTitle "playchess.com"]
[Source "ChessBase"]
[SourceQuality "1"]
[TimeControl "5400+30"]

1. e4 {[%emt 0:00:30]} d6 {[%emt 0:00:30]} 2. d4 {[%emt 0:00:00]} Nf6 {[%emt 0:00:00]} 3. Nc3 {[%emt 0:00:00]} g6 {[%emt 0:00:00]} 4. f4 {[%emt 0:00:30]} Bg7 {[%emt 0:00:00]} 5. Bd3 {[%emt 0:00:30]} O-O {[%emt 0:00:00]} 6. Nf3 {[%emt 0:00:30]} c5 {[%emt 0:01:30]} 7. dxc5 {[%emt 0:00:30]} dxc5 {[%emt 0:00:30]} 8. e5 {[%emt 0:01:30]} Nd5 {[%emt 0:00:00]} 9. Nxd5 {[%emt 0:00:30]} Qxd5 {[%emt 0:00:00]} 10. Qe2 {[%emt 0:00:30]} Nc6 {[%emt 0:00:30]} 11. Be4 {[%emt 0:00:30]} Qd7 {[%emt 0:00:00]} 12. O-O {[%emt 0:01:30]} Qc7 {[%emt 0:00:00]} 13. Qf2 {[%emt 0:05:30]} b6 {[%emt 0:00:30]} 14. Qh4 {[%emt 0:00:00]} Bb7 {[%emt 0:00:30]} 15. c3 {[%emt 0:04:00]} Rad8 {[%emt 0:01:30]} 16. Be3 {[%emt 0:06:30]} f6 {[%emt 0:15:30]} 17. Rae1 {[%emt 0:00:30]} Na5 {[%emt 0:03:30]} 18. Bxb7 {[%emt 0:03:30]} Nxb7 {[%emt 0:07:30]} 19. f5 {[%emt 0:08:30]} gxf5 {[%emt 0:18:30]} 20. Bf4 {[%emt 0:11:30]} Qc6 {[%emt 0:07:30]} 21. exf6 {[%emt 0:00:30]} exf6 {[%emt 0:00:30]} 22. Qh3 {[%emt 0:03:30]} Rfe8 {[%emt 0:03:30]} 23. Rxe8+ {[%emt 0:04:30]} Rxe8 {[%emt 0:00:30]} 24. Nh4 {[%emt 0:00:00]} Nd6 {[%emt 0:00:00]} 25. Rd1 {[%emt 0:00:00]} Re6 {[%emt 0:01:00]} 26. Qd3 {[%emt 0:04:30]} Bf8 {[%emt 0:01:30]} 27. Nxf5 {[%emt 0:01:30]} Nxf5 {[%emt 0:01:30]} 28. Qxf5 {[%emt 0:01:30]} Qe4 {[%emt 0:00:30]} 29. Qg4+ {[%emt 0:02:30]} Kh8 {[%emt 0:00:30]} 30. h3 {[%emt 0:03:30]} Qe2 {[%emt 0:06:30]} 31. Qxe2 {[%emt 0:03:30]} Rxe2 {[%emt 0:01:30]} 32. Rd8 {[%emt 0:00:00]} Kg7 {[%emt 0:00:30]} 33. Bd2 {[%emt 0:00:00]} Re7 {[%emt 0:11:32]} 34. Kf2 {[%emt 0:00:30]} Kf7 {[%emt 0:00:07]} 35. Ra8 {[%emt 0:00:30]} Rb7 {[%emt 0:00:52]} 36. Bf4 {[%emt 0:01:30]} Be7 {[%emt 0:00:47]} 37. Kf3 {[%emt 0:00:30]} Ke6 {[%emt 0:00:25]} 38. g4 {[%emt 0:05:30]} Bd6 {[%emt 0:04:33]} 39. Bh6 {[%emt 0:02:30]} Be5 {[%emt 0:05:13]} 40. Ke4 {[%emt 0:01:30]} Rd7 {[%emt 0:02:25]} 41. h4 {[%emt 0:00:30]} Bg3 {[%emt 0:02:18]} 42. h5 {[%emt 0:00:30]} Be5 {[%emt 0:00:14]} 43. Re8+ {[%emt 0:01:30]} Kf7 {[%emt 0:00:20]} 44. Rf8+ {[%emt 0:00:30]} Ke6 {[%emt 0:00:11]} 45. g5 {[%emt 0:00:00]} Rf7 {[%emt 0:05:55]} 46. Rxf7 {[%emt 0:03:00]} Kxf7 {[%emt 0:00:09]} 47. Kd5 {[%emt 0:00:30]} Bg3 {[%emt 0:01:36]} 48. gxf6 {[%emt 0:00:30]} Kxf6 {[%emt 0:00:13]} 49. Kc6 {[%emt 0:00:30]} Kf5 {[%emt 0:00:09]} 50. Bf8 {[%emt 0:00:30]} Bf4 {[%emt 0:01:14]} 51. Kb7 {[%emt 0:00:00]} b5 {[%emt 0:00:05]} 52. Kxa7 {[%emt 0:01:00]} Bc1 {[%emt 0:00:23]} 53. b3 {[%emt 0:00:30]} Kg5 {[%emt 0:00:12]} 54. h6 {[%emt 0:00:30]} Kg6 {[%emt 0:00:00]} 55. Bxc5 {[%emt 0:00:30]} Kxh6 {[%emt 0:00:03]} 56. a4 {[%emt 0:00:00]} bxa4 {[%emt 0:00:04]} 57. bxa4 {[%emt 0:00:00]} Kg5 {[%emt 0:00:35]} 58. a5 {[%emt 0:00:30]} h5 {[%emt 0:00:25]} 59. a6 {[%emt 0:00:00]} h4 {[%emt 0:00:02]} 60. Kb6 {[%emt 0:00:00]} 1-0